Localret 10 anys : memòria 10è aniversari 2007 memòria 10è aniversari 2007
Descripción Física:
119 p. : fot. ; 27 cm
MARC
| LEADER | 00000nam a2200000Ia 4500 | ||
|---|---|---|---|
| 001 | 20493 | ||
| 008 | 160829s2007 xx 000 0 cat d | ||
| 080 | |a C-3-90 | ||
| 245 | |a Localret 10 anys : |b memòria 10è aniversari 2007 | ||
| 260 | |a Barcelona : |b Localret, |c 2007 | ||
| 300 | |a 119 p. : |b fot. ; |c 27 cm | ||
| 650 | |a Localret |x Memòries |9 45740 | ||
| 650 | 0 | |a Telecomunicació |z Catalunya |9 14291 | |
| 901 | |a Arxiu | ||
| 942 | |n 1 | ||
| 952 | |0 0 |1 0 |4 0 |6 C390 |7 1 |9 52786 |a Arxiu |b Arxiu |d 2016-12-01 |l 0 |o C-3-90 |p 20493 |r 2016-12-01 00:00:00 |w 2016-12-01 |y ARXIU | ||
| 999 | |c 56635 |d 56635 | ||